| 000 | 01095nam a22002657a 4500 | ||
|---|---|---|---|
| 001 | 03050 | ||
| 003 | HDC | ||
| 007 | cr bn ---aaaaa | ||
| 008 | 201227b20012001tai||||| |||| 00| 0 eng d | ||
| 040 | _aHDC | ||
| 110 |
_aFood and Fertilizer Technology Center (FFTC) _eissuing body |
||
| 245 | 0 |
_aFFTC Research Highlights _b: a 'Telong' and 'Jalomas' : new hight-yielding sweetpotato cultivars for processing into flour and food products _cMARDI |
|
| 260 |
_aTaiwan: _bFood and Fertilizer Technology Center, _c2001 |
||
| 300 | _a1 online resource (2 pages) | ||
| 336 |
_atext _2rdacontent |
||
| 337 |
_acomputer _2rdamedia |
||
| 338 |
_aonline resource _2rdacarrier |
||
| 500 | _aExtract from: FFTC Research Highlights, July 2001 | ||
| 650 |
_aSweet potato industry _zMalaysia _91795 |
||
| 710 |
_aMalaysian Agricultural Research and Development Institute _eauthor |
||
| 856 | _zRequest full-text at [email protected] | ||
| 942 | _2lcc | ||
| 942 | _cAR | ||
| 942 | _kEMAG 000162 | ||
| 999 |
_c436 _d436 |
||